000 00504nam a2200169Ia 4500
999 _c13389
_d13389
003 OSt
005 20201231105624.0
008 190216s9999||||xx |||||||||||||| ||und||
040 _coclc
082 _a954.035092
_bGAN/M
100 1 _aGandhi, Mahatma
_d1869-1948
_922
245 0 _aMy Experiment With Truth /
_cM K Gandhi
260 _bNavajivan Publishing House
_c1978
300 _a404p
650 _aEnglish Literature
942 _cBK
_2ddc
_h954.035092
_iGAN/M
_k954.035092
_mGAN/M